Vers la disparition du "Made in USA"?
Pokles domácej výroby pre americký trh. Japonsko môže USA dobehnúť do r. 2000, čo sa ilustruje na príkladoch. Autor si kladie otázku, či sa týmto vývojom treba znepokojovať. Ďalej sa pýta, prečo USA klesli tak hlboko a hľadá odpoveď skúmaním troch druhov výrobkov: obrábacie stroje, polovodiče a počí...
Gespeichert in:
| 1. Verfasser: | |
|---|---|
| Format: | Buchkapitel |
| Sprache: | Französisch |
| Schlagworte: | |
| Tags: |
Keine Tags, Fügen Sie das erste Tag hinzu!
|
MARC
| LEADER | 00000naa a2200000 4500 | ||
|---|---|---|---|
| 001 | r004091 | ||
| 005 | 20221125091700.9 | ||
| 041 | 0 | |a fre | |
| 044 | |a FR | ||
| 245 | 1 | 0 | |a Vers la disparition du "Made in USA"? |c E. Faltermayer |
| 520 | |a Pokles domácej výroby pre americký trh. Japonsko môže USA dobehnúť do r. 2000, čo sa ilustruje na príkladoch. Autor si kladie otázku, či sa týmto vývojom treba znepokojovať. Ďalej sa pýta, prečo USA klesli tak hlboko a hľadá odpoveď skúmaním troch druhov výrobkov: obrábacie stroje, polovodiče a počítačové systémy. Riziko vonkajšej závislosti a úloha štátu. (Fortune, 24.9.1990). | ||
| 610 | 2 | 0 | |a trh |
| 610 | 2 | 0 | |a konkurencieschopnosť |
| 610 | 2 | 0 | |a USA |
| 610 | 2 | 0 | |a Japonsko |
| 610 | 2 | 0 | |a údaje štatistické |
| 610 | 2 | 0 | |a prieskum trhu |
| 100 | 1 | |a Faltermayer, E. | |